Komunikácia - podmienka konkurencieschopnosti malých a stredných podnikov v etape ich začleňovania do Európskeho trhu

Gespeichert in:
Bibliographische Detailangaben
1. Verfasser: Szarková, Miroslava, 1951-
Format: Buchkapitel
Sprache:Slowakisch
Tags: Tag hinzufügen
Keine Tags, Fügen Sie das erste Tag hinzu!

MARC

LEADER 00000nla$a2200000$$$4500
001 0060531
005 20240502083143.9
041 0 |a slo 
044 |a CZ 
245 1 0 |a Komunikácia - podmienka konkurencieschopnosti malých a stredných podnikov v etape ich začleňovania do Európskeho trhu  |c Miroslava Szarková 
100 1 |a Szarková, Miroslava, 1951-